Złoczyńcy z horrorów - Statystyki

Ogólne statystyki
  • Ten quiz został rozwiązany 69 razy
  • Średni wynik to 10 z 18
Statystyki odpowiedzi
Złoczyńca Film lub seria % Poprawnych
Chucky Laleczka Chucky
90%
Jigsaw Piła
90%
Pennywise the Clown It
88%
Freddy Krueger Koszmar z ulicy Wiązów
86%
Ghostface Krzyk
83%
Michael Myers Halloween
81%
Jason Voorhees Piątek trzynastego
79%
Leatherface Teksańska masakra piłą mechaniczną
71%
Hannibal Lecter Milczenie owiec
67%
Samara Morgan The Ring
60%
Jack Torrance Lśnienie
48%
Norman Bates Psycho
43%
Pinhead Hellraiser
31%
Damien Thorn Omen
26%
Annie Wilkes Misery
24%
Xenomorphs Obcy – ósmy pasażer Nostromo
17%
The Miner Moja krwawa walentynka
7%
Max Cady Przylądek strachu
3%
Nie znaleziono quizów pasujących do podanych kryteriów
Rozkład punktacji
Procent ludzi z każdym wynikiem
Percentyl według liczby udzielonych odpowiedzi
Twoja historia wyników
Nie rozwiązałeś tego quizu